| 000 | 00360nam a22001457a 4500 | ||
|---|---|---|---|
| 003 | macl | ||
| 005 | 20180420164955.0 | ||
| 008 | 180420b xxu||||| |||| 00| 0 eng d | ||
| 040 | _cMACL | ||
| 100 |
_aSatyaveer singh _972148 |
||
| 245 | _aRural development in 21st century | ||
| 260 |
_aDelhi _bRBSA _c2013 |
||
| 650 |
_aSocial science _972149 |
||
| 942 |
_2ddc _cBK |
||
| 999 |
_c57807 _d57807 |
||